This is biology : (Record no. 511)

000 -LEADER
fixed length control field 00976nam a22003017a 4500
001 - CONTROL NUMBER
control field 4946022
003 - CONTROL NUMBER IDENTIFIER
control field OSt
005 - DATE AND TIME OF LATEST TRANSACTION
control field 20210420071947.0
008 - FIXED-LENGTH DATA ELEMENTS--GENERAL INFORMATION
fixed length control field 960814s1997 maua b 001 0 eng
010 ## - LIBRARY OF CONGRESS CONTROL NUMBER
LC control number 96042192
020 ## - INTERNATIONAL STANDARD BOOK NUMBER
International Standard Book Number 067488468X
040 ## - CATALOGING SOURCE
Original cataloging agency eng
Transcribing agency DLC
Modifying agency eng
041 ## - LANGUAGE CODE
Language code of text/sound track or separate title eng
050 00 - LIBRARY OF CONGRESS CALL NUMBER
Classification number QH307.2
Item number .M39 1997
080 ## - UNIVERSAL DECIMAL CLASSIFICATION NUMBER
Universal Decimal Classification number 57
Item number M-43
082 00 - DEWEY DECIMAL CLASSIFICATION NUMBER
Classification number 574
Edition number 20
100 1# - MAIN ENTRY--PERSONAL NAME
Personal name Mayr, Ernst,
Dates associated with a name 1904-2005.
245 10 - TITLE STATEMENT
Title This is biology :
Remainder of title the science of the living world /
Statement of responsibility, etc. Ernst Mayr.
260 ## - PUBLICATION, DISTRIBUTION, ETC.
Place of publication, distribution, etc. Cambridge, Mass. :
Name of publisher, distributor, etc. Belknap Press of Harvard University Press,
Date of publication, distribution, etc. 1997.
300 ## - PHYSICAL DESCRIPTION
Extent xv, 327 p. :
Other physical details ill. ;
Dimensions 24 cm.
365 ## - TRADE PRICE
Price amount 29.95 usd
504 ## - BIBLIOGRAPHY, ETC. NOTE
Bibliography, etc. note Includes bibliographical references (p. [293]-304) and index.
650 #0 - SUBJECT ADDED ENTRY--TOPICAL TERM
Topical term or geographic name entry element Biology.
653 ## - INDEX TERM--UNCONTROLLED
Uncontrolled term ბიოლოგია
906 ## - LOCAL DATA ELEMENT F, LDF (RLIN)
a 7
b cbc
c orignew
d 1
e ocip
f 19
g y-gencatlg
942 ## - ADDED ENTRY ELEMENTS (KOHA)
Source of classification or shelving scheme
Koha item type Books
Holdings
Withdrawn status Lost status Source of classification or shelving scheme Damaged status Not for loan Permanent location Current location Date acquired Inventory number Total Checkouts Full call number Barcode Date last seen Price effective from Koha item type
          Ken Walker International University Ken Walker International University 12/02/2020 179   57 M-43 179 12/02/2020 12/02/2020 Books

Powered by Koha